Oscar Wilde /

Bibliographic Details
Main Author: Ellmann, Richard, 1918-1987
Format: Book
Language:English
Published: New York : Knopf : 1988.
Edition:1st American ed.
Subjects:

MARC

Tag First Indicator Second Indicator Subfields
LEADER 00000cam a22000008a 4500
001 in00000013959
005 20151007052115.0
008 870612r19881987nyuaf b 00110beng
010 |a  87045354  
020 |a 0394554841 
035 |a (OCoLC)16089096 
035 |9 AAA6306AM 
040 |a DLC  |c DLC  |d m/c  |d TXA  |d UtOrBLW 
049 |a TXAM  |c [A11484654] 
050 0 0 |a PR5823  |b .E38 1987 
050 4 |a PR5823  |b .E38 1988 
082 0 |a 828/.809  |a B  |2 19 
100 1 |a Ellmann, Richard,  |d 1918-1987. 
245 1 0 |a Oscar Wilde /  |c Richard Ellmann. 
250 |a 1st American ed. 
263 |a 8711 
264 1 |a New York :  |b Knopf :  |c 1988. 
264 2 |a New York :  |b Distributed by Random House, 
264 4 |c ©1987 
300 |a xvii, 680 pages, 32 unnumbered pages of plates :  |b illustrations 
336 |a text  |b txt  |2 rdacontent 
337 |a unmediated  |b n  |2 rdamedia 
338 |a volume  |b nc  |2 rdacarrier 
504 |a Bibliography: pages [623]-624. 
500 |a Includes index. 
586 |a National Book Critics Circle Award for Biography, 1988 
586 |a Pulitzer Prize in Biography, 1989 
600 1 0 |a Wilde, Oscar,  |d 1854-1900. 
650 0 |a Authors, Irish  |y 19th century  |v Biography. 
999 |a MARS 
999 f f |s 00e0e80f-b98f-354e-b55c-38e65d9f7809  |i e9bcfe28-3091-3196-9099-c3eb5792d1c2  |t 0 
952 f f |p normal  |a Texas A&M University  |b College Station  |c Sterling C. Evans Library  |d Evans: Library Stacks  |t 0  |e PR5823 .E38 1988  |h Library of Congress classification  |i unmediated -- volume  |m A14811484654 
952 f f |p normal  |a Texas A&M University  |b College Station  |c Sterling C. Evans Library  |d Evans: Library Stacks  |t 0  |e PR5823 .E38 1988  |h Library of Congress classification  |i unmediated -- volume  |m A14812612666 
998 f f |a PR5823 .E38 1988  |t 0  |l Evans: Library Stacks 
998 f f |a PR5823 .E38 1988  |t 0  |l Evans: Library Stacks